000
00338 a2200157 4500
001
59093
020
_a
8508085982
040
_c
Anchieta - Pituba
100
_a
Moraes, Antônio Carlos Robert
240
1
0
_a
A fazenda de café
_l
por
245
1
0
_a
A fazenda de café
300
_a
39
362
0
_a
2003
650
4
_a
Brasil
942
_c
BK
999
_c
59093
_d
59093